| 000 | 00717nam a22002417a 4500 | ||
|---|---|---|---|
| 005 | 20170124110054.0 | ||
| 010 | _aA-735301 | ||
| 020 |
_c00.00 _a0074623214 |
||
| 035 | _aA-735301 | ||
| 037 | _bCen Lib/Ret | ||
| 040 |
_aDPL _bEN |
||
| 082 |
_a658 _bPAT |
||
| 100 |
_aPatel, V.G. _925967 |
||
| 245 |
_aThe seven business crises : _cby V.G. Patel _bhow to beat them / |
||
| 260 |
_aNew Delhi _bTata McGraw-Hill publishing _c1995 |
||
| 270 |
_a412,Asaf Ali Road _bNew Delhi _e110002 |
||
| 300 |
_axiv,218p. _c20cm(Hb) |
||
| 500 | _aIncludes index | ||
| 650 |
_aBusiness Planning _922790 |
||
| 650 |
_aBusiness Planning- management _925968 |
||
| 700 | _925905 | ||
| 942 |
_2ddc _cEN _h658 _mPAT |
||
| 999 |
_c129300 _d129300 |
||